000 00313pab a2200133 454500
008 180718b xxu||||| |||| 00| 0 eng d
100 _aDhanoa S.S.
245 _aWhat price multimember EC?
362 _a4 Oct 93, p.8
650 _a Election Commission
650 _aElections
773 _aTribune
909 _a25809
999 _c25809
_d25809